000 00674nam a2200217Ia 4500
001 15326
003 GE_BSU
008 181216s||||||||xx |||||||||||||| ||und||
040 _cGE_BSU
080 _a821.353.1-32
100 _aქიაჩელი,ლეო.
245 _aჰაკი აძბა.
245 _bნოველები
245 _cრედ.ი. აბაშიძე, მხატვ.შ.კუპრაშვილი
260 _aთბილისი
260 _bლიტერატურა და ხელოვნება
260 _c1965
300 _a358გვ.21სმ.
653 _aჰაკი აძბა.
942 _cBK
999 _c48434
_d48434